WWE 2K20 2K Showcase Matches - Statistics

General Stats
  • This quiz has been taken 165 times
  • The average score is 38 of 40
Answer Stats
Hint Answer % Correct
2. NXT Takeover Rival Becky Lynch
99%
5. WrestleMania 32 Becky Lynch
99%
7. Backlash 2016 Becky Lynch
99%
9. Elimination Chamber 2017 Becky Lynch
99%
14. Evolution 2018 Becky Lynch
99%
15. WrestleMania 35 Becky Lynch
99%
1. NXT Takeover Charlotte Flair
99%
2. NXT Takeover Rival Charlotte Flair
99%
4. Night Of Champions 2015 Charlotte Flair
99%
5. WrestleMania 32 Charlotte Flair
99%
6. Raw Charlotte Flair
99%
8. Hell In A Cell 2016 Charlotte Flair
99%
10. Raw Charlotte Flair
99%
12. WrestleMania 33 Charlotte Flair
99%
13. WrestleMania 34 Charlotte Flair
99%
14. Evolution 2018 Charlotte Flair
99%
15. WrestleMania 35 Charlotte Flair
99%
2. NXT Takeover Rival Sasha Banks
99%
3. NXT Takeover Brooklyn Sasha Banks
99%
5. WrestleMania 32 Sasha Banks
99%
6. Raw Sasha Banks
99%
8. Hell In A Cell 2016 Sasha Banks
99%
11. Fastlane 2017 Sasha Banks
99%
12. WrestleMania 33 Sasha Banks
99%
2. NXT Takeover Rival Bayley
97%
3. NXT Takeover Brooklyn Bayley
97%
10. Raw Bayley
97%
12. WrestleMania 33 Bayley
97%
15. WrestleMania 35 Ronda Rousey
93%
1. NXT Takeover Natalya
88%
7. Backlash 2016 Natalya
88%
11. Fastlane 2017 Nia Jax
87%
12. WrestleMania 33 Nia Jax
87%
4. Night Of Champions 2015 Nikki Bella
87%
7. Backlash 2016 Nikki Bella
87%
7. Backlash 2016 Alexa Bliss
86%
7. Backlash 2016 Naomi
85%
13. WrestleMania 34 Asuka
82%
7. Backlash 2016 Carmella
76%
9. Elimination Chamber 2017 Mickie James
62%
No matching quizzes found
Score Distribution
Percent of People with Each Score
Percentile by Number Answered
Your Score History
You have not taken this quiz